000 00302nam a22001217a 4500
020 _a9788172338596
082 _a631.587
_bPAR/AG
100 _aParmar,Hiteshkumar V.
_9261
245 _aAgricultural Drainage Engineering
260 _aJodhpur
_bScientific Publishers
_c2014
300 _a238
942 _cBK
999 _c14513
_d14513